<?xml version="1.0" encoding="UTF-8"?>
<collection xmlns="http://www.loc.gov/MARC21/slim">
 <record>
  <leader>02372caa a2200445   4500</leader>
  <controlfield tag="001">1546925589</controlfield>
  <controlfield tag="003">DE-627</controlfield>
  <controlfield tag="005">20210814011525.0</controlfield>
  <controlfield tag="007">cr cn 008aaaaa</controlfield>
  <controlfield tag="008">160908s2005    xx |||||oo    00| ||ger c</controlfield>
  <datafield tag="024" ind1="7" ind2=" ">
   <subfield code="a">urn:nbn:de:bsz:16-jfk-311457</subfield>
   <subfield code="2">urn</subfield>
  </datafield>
  <datafield tag="024" ind1="7" ind2=" ">
   <subfield code="a">10.11588/jfk.2005.4.31145</subfield>
   <subfield code="2">doi</subfield>
  </datafield>
  <datafield tag="035" ind1=" " ind2=" ">
   <subfield code="a">(DE-627)1546925589</subfield>
  </datafield>
  <datafield tag="035" ind1=" " ind2=" ">
   <subfield code="a">(DE-576)476925584</subfield>
  </datafield>
  <datafield tag="035" ind1=" " ind2=" ">
   <subfield code="a">(DE-599)BSZ476925584</subfield>
  </datafield>
  <datafield tag="035" ind1=" " ind2=" ">
   <subfield code="a">(OCoLC)1263829384</subfield>
  </datafield>
  <datafield tag="040" ind1=" " ind2=" ">
   <subfield code="a">DE-627</subfield>
   <subfield code="b">ger</subfield>
   <subfield code="c">DE-627</subfield>
   <subfield code="e">rda</subfield>
  </datafield>
  <datafield tag="041" ind1=" " ind2=" ">
   <subfield code="a">ger</subfield>
  </datafield>
  <datafield tag="084" ind1=" " ind2=" ">
   <subfield code="a">9,10</subfield>
   <subfield code="2">ssgn</subfield>
  </datafield>
  <datafield tag="100" ind1="1" ind2=" ">
   <subfield code="a">Niehr, Klaus</subfield>
   <subfield code="d">1955-</subfield>
   <subfield code="e">VerfasserIn</subfield>
   <subfield code="0">(DE-588)121584607</subfield>
   <subfield code="0">(DE-627)081403542</subfield>
   <subfield code="0">(DE-576)169437698</subfield>
   <subfield code="4">aut</subfield>
  </datafield>
  <datafield tag="245" ind1="1" ind2="0">
   <subfield code="a">[Rezension von: Georg Dehio, Handbuch der deutschen Kunstdenkmäler, Nordrhein-Westfalen I: Rheinland]</subfield>
   <subfield code="c">Klaus Niehr, Fachgebiet Kunstgeschichte, Universität Osnabrück</subfield>
  </datafield>
  <datafield tag="264" ind1=" " ind2="0">
   <subfield code="a">Heidelberg</subfield>
   <subfield code="b">arthistoricum.net</subfield>
   <subfield code="c">[2016]</subfield>
  </datafield>
  <datafield tag="336" ind1=" " ind2=" ">
   <subfield code="a">Text</subfield>
   <subfield code="b">txt</subfield>
   <subfield code="2">rdacontent</subfield>
  </datafield>
  <datafield tag="337" ind1=" " ind2=" ">
   <subfield code="a">Computermedien</subfield>
   <subfield code="b">c</subfield>
   <subfield code="2">rdamedia</subfield>
  </datafield>
  <datafield tag="338" ind1=" " ind2=" ">
   <subfield code="a">Online-Ressource</subfield>
   <subfield code="b">cr</subfield>
   <subfield code="2">rdacarrier</subfield>
  </datafield>
  <datafield tag="500" ind1=" " ind2=" ">
   <subfield code="a">Elektronische Reproduktion der Druckausgabe</subfield>
  </datafield>
  <datafield tag="583" ind1="1" ind2=" ">
   <subfield code="a">Archivierung/Langzeitarchivierung gewährleistet</subfield>
   <subfield code="2">pdager</subfield>
   <subfield code="5">DE-16</subfield>
  </datafield>
  <datafield tag="655" ind1=" " ind2="7">
   <subfield code="a">Rezension</subfield>
   <subfield code="0">(DE-588)4049712-4</subfield>
   <subfield code="0">(DE-627)106186019</subfield>
   <subfield code="0">(DE-576)209083166</subfield>
   <subfield code="2">gnd-content</subfield>
  </datafield>
  <datafield tag="773" ind1="0" ind2="8">
   <subfield code="i">Enthalten in</subfield>
   <subfield code="t">Journal für Kunstgeschichte</subfield>
   <subfield code="d">Regensburg : Schnell und Steiner, 2016</subfield>
   <subfield code="g">9(2005), 4, Seite 388-394</subfield>
   <subfield code="h">Online-Ressource</subfield>
   <subfield code="w">(DE-627)856404578</subfield>
   <subfield code="w">(DE-600)2851742-8</subfield>
   <subfield code="w">(DE-576)467800618</subfield>
   <subfield code="x">2509-2510</subfield>
   <subfield code="7">nnns</subfield>
  </datafield>
  <datafield tag="773" ind1="1" ind2="8">
   <subfield code="g">volume:9</subfield>
   <subfield code="g">year:2005</subfield>
   <subfield code="g">number:4</subfield>
   <subfield code="g">pages:388-394</subfield>
  </datafield>
  <datafield tag="787" ind1="0" ind2="8">
   <subfield code="i">Rezension von</subfield>
   <subfield code="t">Handbuch der deutschen Kunstdenkmäler ; Nordrhein-Westfalen, 1: Nordrhein-Westfalen: Rheinland</subfield>
   <subfield code="b">[Neubearb.]</subfield>
   <subfield code="d">München : Deutscher Kunstverlag, 2005</subfield>
   <subfield code="h">XXX, 1295, 11 S.</subfield>
   <subfield code="w">(DE-627)1185831754</subfield>
   <subfield code="w">(DE-576)115831754</subfield>
   <subfield code="z">342203093X</subfield>
  </datafield>
  <datafield tag="856" ind1="4" ind2="0">
   <subfield code="u">http://nbn-resolving.de/urn:nbn:de:bsz:16-jfk-311457</subfield>
   <subfield code="x">Verlag</subfield>
   <subfield code="x">Resolving-System</subfield>
   <subfield code="z">kostenfrei</subfield>
   <subfield code="3">Volltext</subfield>
  </datafield>
  <datafield tag="856" ind1="4" ind2="0">
   <subfield code="u">http://dx.doi.org/10.11588/jfk.2005.4.31145</subfield>
   <subfield code="x">Verlag</subfield>
   <subfield code="x">Resolving-System</subfield>
   <subfield code="z">kostenfrei</subfield>
   <subfield code="3">Volltext</subfield>
  </datafield>
  <datafield tag="935" ind1=" " ind2=" ">
   <subfield code="h">SWB</subfield>
   <subfield code="i">ld</subfield>
  </datafield>
  <datafield tag="936" ind1="u" ind2="w">
   <subfield code="d">9</subfield>
   <subfield code="j">2005</subfield>
   <subfield code="e">4</subfield>
   <subfield code="h">388-394</subfield>
  </datafield>
  <datafield tag="951" ind1=" " ind2=" ">
   <subfield code="a">AR</subfield>
  </datafield>
  <datafield tag="994" ind1=" " ind2=" ">
   <subfield code="u">https://journals.ub.uni-heidelberg.de/index.php/jfk/article/download/31145/24846/93887</subfield>
  </datafield>
  <datafield tag="994" ind1=" " ind2=" ">
   <subfield code="u">https://journals.ub.uni-heidelberg.de/index.php/jfk/article/download/31145/24846/93887</subfield>
  </datafield>
  <datafield tag="991" ind1=" " ind2=" ">
   <subfield code="a">Rezension (Monographie, Zeitschrift, Aufsatz)</subfield>
  </datafield>
  <datafield tag="999" ind1=" " ind2=" ">
   <subfield code="a">KXP-PPN1546925589</subfield>
   <subfield code="e">4154169025</subfield>
  </datafield>
 </record>
</collection>
